[Event "XVIII. DBMM Schach"]
[Site "Altenberg OT Zinnwald"]
[Date "2018.11.10"]
[Round "5.4"]
[White "Dankovic, Oliver"]
[Black "Bojarzin, Christoph"]
[Result "0-1"]
[WhiteElo "1338"]
[BlackElo "1520"]
[Annotator "br"]
[PlyCount "60"]
[EventDate "2018.11.??"]
[EventType "team-swiss"]
[EventRounds "7"]
[EventCountry "GER"]
[SourceTitle "XVIII. DBMM 2018"]
[Source "FV Schach e.V."]
[SourceDate "2018.11.12"]
[SourceVersion "1"]
[SourceVersionDate "2018.11.12"]
[SourceQuality "1"]
[WhiteTeam "BA Tempelhof Berlin IV"]
[BlackTeam "Europark Altenberg/SV St.2"]
[WhiteTeamCountry "GER"]
[BlackTeamCountry "GER"]

1. e4 e6 2. d4 d5 3. exd5 exd5 4. Nf3 Nf6 5. c4 Be7 6. cxd5 Nxd5 7. Nc3 O-O 8.
Bc4 Be6 9. Qb3 Bb4 10. Bxd5 Bxc3+ 11. bxc3 Bxd5 12. Qc2 Bxf3 13. gxf3 Qf6 14.
Qd3 Nd7 15. f4 Rfe8+ 16. Be3 Qxf4 17. Kd2 Qd6 18. h4 Rad8 19. h5 Nf6 20. Rag1
Qd5 21. c4 Qa5+ 22. Ke2 Qxa2+ 23. Kf3 Qa4 24. Qf1 Qc6+ 25. d5 Nxd5 26. cxd5
Rxd5 27. Rxg7+ Kxg7 28. h6+ Kf8 29. Kg3 Ke7 30. Qh3 Rg8+ 0-1

[Event "XVIII. DBMM Schach"]
[Site "Altenberg OT Zinnwald"]
[Date "2018.11.10"]
[Round "5.1"]
[White "Bruening, Martin"]
[Black "Warnest, Stefan"]
[Result "1/2-1/2"]
[WhiteElo "1772"]
[BlackElo "1537"]
[Annotator "br"]
[PlyCount "36"]
[EventDate "2018.11.??"]
[EventType "team-swiss"]
[EventRounds "7"]
[EventCountry "GER"]
[SourceTitle "XVIII. DBMM 2018"]
[Source "FV Schach e.V."]
[SourceDate "2018.11.12"]
[SourceVersion "1"]
[SourceVersionDate "2018.11.12"]
[SourceQuality "1"]
[WhiteTeam "SG Airbus Bremen"]
[BlackTeam "BA Tempelhof Berlin III"]
[WhiteTeamCountry "GER"]
[BlackTeamCountry "GER"]

1. d4 Nf6 2. Nf3 g6 3. c4 Bg7 4. Nc3 d5 5. e3 O-O 6. Bd3 Bg4 7. h3 Bxf3 8. Qxf3
c6 9. O-O e6 10. b3 Re8 11. Bb2 Nbd7 12. cxd5 Nxd5 13. Nxd5 cxd5 14. Rac1 Rc8
15. Rxc8 Qxc8 16. Rc1 Qd8 17. Qd1 e5 18. dxe5 Bxe5 1/2-1/2

[Event "XVIII. DBMM Schach"]
[Site "Altenberg OT Zinnwald"]
[Date "2018.11.10"]
[Round "5.2"]
[White "Kalkowski, Thomas"]
[Black "Jacobsen, Ruediger"]
[Result "1/2-1/2"]
[WhiteElo "1455"]
[BlackElo "1466"]
[Annotator "br"]
[PlyCount "33"]
[EventDate "2018.11.??"]
[EventType "team-swiss"]
[EventRounds "7"]
[EventCountry "GER"]
[SourceTitle "XVIII. DBMM 2018"]
[Source "FV Schach e.V."]
[SourceDate "2018.11.12"]
[SourceVersion "1"]
[SourceVersionDate "2018.11.12"]
[SourceQuality "1"]
[WhiteTeam "BA Tempelhof Berlin III"]
[BlackTeam "SG Airbus Bremen"]
[WhiteTeamCountry "GER"]
[BlackTeamCountry "GER"]

1. e4 e5 2. Nf3 Nc6 3. d4 exd4 4. Nxd4 Be7 5. c4 d6 6. Nc3 Nxd4 7. Qxd4 Bf6 8.
Qd2 Ne7 9. b3 Ng6 10. Bb2 Be6 11. Rd1 O-O 12. Be2 Bg5 13. Qc2 Qe7 14. O-O Nf4
15. Bc1 Nxe2+ 16. Nxe2 Rad8 17. Bxg5 1/2-1/2

[Event "XVIII. DBMM Schach"]
[Site "Altenberg OT Zinnwald"]
[Date "2018.11.10"]
[Round "5.3"]
[White "Hueners, Rolf"]
[Black "Quast, Michael"]
[Result "0-1"]
[WhiteElo "1400"]
[BlackElo "1801"]
[Annotator "br"]
[PlyCount "104"]
[EventDate "2018.11.??"]
[EventType "team-swiss"]
[EventRounds "7"]
[EventCountry "GER"]
[SourceTitle "XVIII. DBMM 2018"]
[Source "FV Schach e.V."]
[SourceDate "2018.11.12"]
[SourceVersion "1"]
[SourceVersionDate "2018.11.12"]
[SourceQuality "1"]
[WhiteTeam "SG Airbus Bremen"]
[BlackTeam "BA Tempelhof Berlin III"]
[WhiteTeamCountry "GER"]
[BlackTeamCountry "GER"]

1. d4 b6 2. e3 Bb7 3. Nh3 e6 4. Nd2 Nf6 5. Nf4 d6 6. Nf3 a6 7. Be2 Be7 8. O-O
g5 9. Nd3 g4 10. Nd2 Rg8 11. Ne1 h5 12. f3 Nbd7 13. g3 Nf8 14. c4 N8h7 15. e4
Ng5 16. Nd3 Nh3+ 17. Kg2 Qd7 18. Nf2 gxf3+ 19. Bxf3 Nxf2 20. Rxf2 Ng4 21. Bxg4
Rxg4 22. Qf3 f5 23. d5 O-O-O 24. b3 f4 25. Nf1 Rdg8 26. Bxf4 Kb8 27. Rd1 e5 28.
Bd2 h4 29. Be1 hxg3 30. hxg3 Bc8 31. Rd3 Rf4 32. Qh5 Rh4 33. Qf5 Qd8 34. Qf3
Bh3+ 35. Kg1 Rf4 36. Qe3 Bg5 37. Rxf4 Bxf4 38. Qe2 Qg5 39. Qh2 Bxf1 40. Kxf1
Be3 41. Qe2 Bd4 42. Bc3 Qc1+ 43. Be1 Qh6 44. Qg2 $11 Rg4 45. Ke2 Qg6 46. Kd1
Rxe4 47. Qf3 Rg4 48. Bb4 Kb7 49. a4 e4 50. Qf8 exd3 51. Qe7 Rxg3 52. Qd7 Qg4+
0-1

[Event "XVIII. DBMM Schach"]
[Site "Altenberg OT Zinnwald"]
[Date "2018.11.10"]
[Round "5.4"]
[White "Mahler, Sonja"]
[Black "Mikoteit, Siegfried"]
[Result "0-1"]
[WhiteElo "1492"]
[BlackElo "1276"]
[Annotator "br"]
[PlyCount "73"]
[EventDate "2018.11.??"]
[EventType "team-swiss"]
[EventRounds "7"]
[EventCountry "GER"]
[SourceTitle "XVIII. DBMM 2018"]
[Source "FV Schach e.V."]
[SourceDate "2018.11.12"]
[SourceVersion "1"]
[SourceVersionDate "2018.11.12"]
[SourceQuality "1"]
[WhiteTeam "BA Tempelhof Berlin III"]
[BlackTeam "SG Airbus Bremen"]
[WhiteTeamCountry "GER"]
[BlackTeamCountry "GER"]

1. d4 d5 2. Bf4 e6 3. Nf3 Bd6 4. Bg5 Be7 5. Bf4 Bd6 6. Bg3 Bxg3 7. hxg3 Nf6 8.
e3 Ne4 9. c3 a6 10. Qc2 Nd7 11. Bd3 f5 12. Nh4 Qg5 13. Nd2 Nxd2 14. Kxd2 Nb6
15. b3 Bd7 16. a4 Bc6 17. Be2 O-O-O 18. Nf3 Qf6 19. a5 Nd7 20. b4 e5 21. Rhb1
Bb5 22. Bxb5 axb5 23. Ra2 e4 24. Ne1 Qa6 25. Qd1 h5 26. Nc2 h4 27. Qf1 Nb6 28.
axb6 Qxa2 29. Ra1 Qc4 30. Ra8+ Kd7 31. Rxd8+ Kxd8 32. Qh1 Qd3+ 33. Kc1 Qe2 34.
gxh4 Qxf2 35. Qh2 Qf1+ 36. Kb2 Qc4 37. h5 {Rest unklar.} 0-1

[Event "XVIII. DBMM Schach"]
[Site "Altenberg OT Zinnwald"]
[Date "2018.11.10"]
[Round "6.1"]
[White "Segerberg, Tomas"]
[Black "Koscielski, Janusch"]
[Result "0-1"]
[WhiteElo "2028"]
[BlackElo "2320"]
[Annotator "br"]
[PlyCount "86"]
[EventDate "2018.11.??"]
[EventType "team-swiss"]
[EventRounds "7"]
[EventCountry "GER"]
[SourceTitle "XVIII. DBMM 2018"]
[Source "FV Schach e.V."]
[SourceDate "2018.11.12"]
[SourceVersion "1"]
[SourceVersionDate "2018.11.12"]
[SourceQuality "1"]
[WhiteTeam "Europaeisches Patentamt Muenchen"]
[BlackTeam "EKJ Herne und Wanne-Eickel"]
[WhiteTeamCountry "GER"]
[BlackTeamCountry "GER"]

1. c4 g6 2. Nc3 Bg7 3. d4 Nf6 4. e4 d6 5. f3 O-O 6. Be3 c5 7. Nge2 Nc6 8. dxc5
dxc5 9. Qxd8 Rxd8 10. Bxc5 Nd7 11. Be3 Nde5 12. Nf4 Na5 13. Nfd5 Naxc4 14. Bxc4
Nxc4 15. O-O-O Nxe3 16. Nxe3 Bd7 17. Kb1 Bc6 18. Rxd8+ Rxd8 19. Ned5 Bxd5 20.
exd5 Bxc3 21. bxc3 Rxd5 22. Kc2 e6 23. Rb1 b6 24. Rb2 Kf8 25. c4 Rc5 26. Kd3
Ke7 27. Re2 Kd6 28. g3 Ra5 29. f4 h6 30. Kc3 g5 31. fxg5 hxg5 32. Rd2+ Ke7 33.
Kb3 g4 34. a4 Re5 35. Kb4 f5 36. Rf2 Kd6 37. Rd2+ Kc7 38. Kc3 Re3+ 39. Kd4 Re1
40. h4 gxh3 41. Rh2 Re4+ 42. Kc3 Kc6 43. Rxh3 Rg4 0-1

[Event "XVIII. DBMM Schach"]
[Site "Altenberg OT Zinnwald"]
[Date "2018.11.10"]
[Round "6.2"]
[White "Hortolani, Sven Holger"]
[Black "Bohnhoff, Peter"]
[Result "1-0"]
[WhiteElo "2140"]
[BlackElo "2065"]
[Annotator "br"]
[PlyCount "97"]
[EventDate "2018.11.??"]
[EventType "team-swiss"]
[EventRounds "7"]
[EventCountry "GER"]
[SourceTitle "XVIII. DBMM 2018"]
[Source "FV Schach e.V."]
[SourceDate "2018.11.12"]
[SourceVersion "1"]
[SourceVersionDate "2018.11.12"]
[SourceQuality "1"]
[WhiteTeam "EKJ Herne und Wanne-Eickel"]
[BlackTeam "Europaeisches Patentamt Muenchen"]
[WhiteTeamCountry "GER"]
[BlackTeamCountry "GER"]

1. Nf3 d6 2. d4 f5 3. g3 Nf6 4. Bg2 g6 5. O-O Bg7 6. b4 O-O 7. Bb2 Nc6 8. c3 d5
9. Nbd2 Be6 10. Nb3 Qd6 11. b5 Nd8 12. a4 c6 13. Nc5 Ne4 14. Ba3 Qc7 15. bxc6
Nxc5 16. Bxc5 b6 17. Ba3 Bf7 18. Ng5 Qxc6 19. Bxe7 Re8 20. Bxd8 Raxd8 21. Nxf7
Kxf7 22. Qd3 Rc8 23. Rfc1 Qe6 24. e3 Rc7 25. Qb5 Rd8 26. a5 Qd7 27. Qxd7+ Rcxd7
28. axb6 axb6 29. Rab1 Rb8 30. Rb5 Ke6 31. c4 dxc4 32. Rxc4 Bf8 33. Rc6+ Rd6
34. Rc7 h5 35. Re5+ Kf6 36. Rb5 Ke6 37. h4 Bh6 38. Bf1 Rd7 39. Rc6+ Rd6 40. Rc2
Kd7 41. Bg2 Rc8 42. Ra2 Rb8 43. Ra7+ Ke8 44. Re5+ Kd8 45. Rh7 Bf8 46. Bf1 Rd7
47. Rh8 Kc7 48. Bb5 Re7 49. Rxf8 1-0

[Event "XVIII. DBMM Schach"]
[Site "Altenberg OT Zinnwald"]
[Date "2018.11.10"]
[Round "6.3"]
[White "Dekker, Derk"]
[Black "Leveikina, Jevgenija"]
[Result "1/2-1/2"]
[WhiteElo "1855"]
[BlackElo "2110"]
[Annotator "br"]
[PlyCount "73"]
[EventDate "2018.11.??"]
[EventType "team-swiss"]
[EventRounds "7"]
[EventCountry "GER"]
[SourceTitle "XVIII. DBMM 2018"]
[Source "FV Schach e.V."]
[SourceDate "2018.11.12"]
[SourceVersion "1"]
[SourceVersionDate "2018.11.12"]
[SourceQuality "1"]
[WhiteTeam "Europaeisches Patentamt Muenchen"]
[BlackTeam "EKJ Herne und Wanne-Eickel"]
[WhiteTeamCountry "GER"]
[BlackTeamCountry "GER"]

1. d4 d5 2. c4 c6 3. Nc3 Nf6 4. Nf3 dxc4 5. e4 b5 6. e5 Nd5 7. a4 e6 8. Ng5 Be7
9. h4 Nxc3 10. bxc3 Bb7 11. Qf3 Bxg5 12. hxg5 Qd5 13. Qg4 c5 14. axb5 cxd4 15.
Qxd4 Nd7 16. f4 Nb6 17. Ra5 O-O 18. Rh2 Rfd8 19. Be3 Qxd4 20. Bxd4 Be4 21. Bxb6
axb6 22. Ra6 Rxa6 $11 23. bxa6 b5 24. g3 Ra8 25. Rb2 Bc6 26. a7 Rxa7 27. Bxc4
Rb7 28. Bd3 h6 29. gxh6 gxh6 30. Kd2 Kg7 31. Ke3 f6 32. exf6+ Kxf6 33. g4 e5
34. Rh2 exf4+ 35. Kxf4 Kg7 36. Rh5 b4 37. Rc5 1/2-1/2

[Event "XVIII. DBMM Schach"]
[Site "Altenberg OT Zinnwald"]
[Date "2018.11.10"]
[Round "6.4"]
[White "Selmanaj, Agim"]
[Black "Brendemuehl, Bernd"]
[Result "1-0"]
[WhiteElo "1643"]
[BlackElo "1886"]
[Annotator "br"]
[PlyCount "53"]
[EventDate "2018.11.??"]
[EventType "team-swiss"]
[EventRounds "7"]
[EventCountry "GER"]
[SourceTitle "XVIII. DBMM 2018"]
[Source "FV Schach e.V."]
[SourceDate "2018.11.12"]
[SourceVersion "1"]
[SourceVersionDate "2018.11.12"]
[SourceQuality "1"]
[WhiteTeam "EKJ Herne und Wanne-Eickel"]
[BlackTeam "Europaeisches Patentamt Muenchen"]
[WhiteTeamCountry "GER"]
[BlackTeamCountry "GER"]

1. e4 c5 2. Bc4 e6 3. Nc3 Nc6 4. a3 Nf6 5. d3 d6 6. Nge2 Be7 7. O-O O-O 8. Ng3
Nd4 9. f4 d5 10. Ba2 b5 11. Nce2 Bb7 12. Nxd4 cxd4 13. e5 Nd7 14. Bd2 Qc7 15.
Rc1 Rfc8 16. c4 dxc3 17. Bxc3 Qb6+ 18. d4 a5 19. Bb1 b4 20. axb4 axb4 21. f5 g6
22. fxg6 hxg6 23. Kh1 bxc3 24. Qg4 Bf8 25. Bxg6 fxg6 26. Qxg6+ Bg7 27. Rf7 1-0

[Event "XVIII. DBMM Schach"]
[Site "Altenberg OT Zinnwald"]
[Date "2018.11.10"]
[Round "6.1"]
[White "Gohil, Harry"]
[Black "Schleining, Zoya"]
[Result "1/2-1/2"]
[WhiteElo "2229"]
[BlackElo "2370"]
[Annotator "br"]
[PlyCount "77"]
[EventDate "2018.11.??"]
[EventType "team-swiss"]
[EventRounds "7"]
[EventCountry "GER"]
[SourceTitle "XVIII. DBMM 2018"]
[Source "FV Schach e.V."]
[SourceDate "2018.11.12"]
[SourceVersion "1"]
[SourceVersionDate "2018.11.12"]
[SourceQuality "1"]
[WhiteTeam "BSG Commerzbank Frankfurt"]
[BlackTeam "EFS Filtertechnik Erkrath"]
[WhiteTeamCountry "GER"]
[BlackTeamCountry "GER"]

1. d4 Nf6 2. Bg5 c5 3. d5 Ne4 4. Bf4 Qb6 5. Bc1 e6 6. f3 Nf6 7. e4 exd5 8. exd5
c4 9. Bxc4 Bc5 10. Ne2 O-O 11. Nbc3 d6 12. a3 Re8 13. b4 Bf2+ 14. Kf1 Bh4 15.
Ng3 Nbd7 16. Na4 Qc7 17. Qd4 Ne5 18. Bb3 Ng6 19. Bd2 Bd7 20. Re1 Rxe1+ 21. Bxe1
Re8 22. Nc3 Re5 23. Nge2 Bxe1 24. Kxe1 Nh4 25. Kf2 Nf5 26. Qxa7 Qd8 27. Rd1 b6
28. g3 h5 29. Rd3 Nh6 30. Nd4 Bh3 31. Nce2 Nhg4+ 32. fxg4 Nxg4+ 33. Ke1 Qg5 34.
Qxb6 Qc1+ 35. Rd1 Qe3 36. Qb8+ Re8 37. Qb5 Qf2+ 38. Kd2 Qe3+ 39. Ke1 1/2-1/2

[Event "XVIII. DBMM Schach"]
[Site "Altenberg OT Zinnwald"]
[Date "2018.11.10"]
[Round "6.2"]
[White "Hartig, Frank"]
[Black "Piepenburg, Rolf"]
[Result "1-0"]
[WhiteElo "2080"]
[BlackElo "1984"]
[Annotator "br"]
[PlyCount "75"]
[EventDate "2018.11.??"]
[EventType "team-swiss"]
[EventRounds "7"]
[EventCountry "GER"]
[SourceTitle "XVIII. DBMM 2018"]
[Source "FV Schach e.V."]
[SourceDate "2018.11.12"]
[SourceVersion "1"]
[SourceVersionDate "2018.11.12"]
[SourceQuality "1"]
[WhiteTeam "EFS Filtertechnik Erkrath"]
[BlackTeam "BSG Commerzbank Frankfurt"]
[WhiteTeamCountry "GER"]
[BlackTeamCountry "GER"]

1. e4 e5 2. d4 exd4 3. Qxd4 Nc6 4. Qe3 Nf6 5. Nc3 Bb4 6. Bd2 O-O 7. O-O-O Re8
8. f3 d5 9. Qf2 dxe4 10. Bg5 Qe7 11. Nd5 Qe5 12. Bxf6 gxf6 13. fxe4 f5 14. Nf3
Qg7 15. Nxc7 Be6 16. Nxe8 Rxe8 17. Qg3 Qxg3 18. hxg3 fxe4 19. Nd4 Bg4 20. Be2
h5 21. Bxg4 hxg4 22. c3 Nxd4 23. Rxd4 Bc5 24. Rd5 Be3+ 25. Kd1 Kg7 26. Ke2 Bh6
27. Rdh5 Re6 28. R1h4 Rg6 29. Re5 e3 30. Reh5 Rf6 31. Rxh6 Rxh6 32. Rxh6 Kxh6
33. c4 Kg5 34. Kxe3 Kf5 35. Kd4 Ke6 36. b4 f6 37. Ke4 f5+ 38. Kf4 1-0

[Event "XVIII. DBMM Schach"]
[Site "Altenberg OT Zinnwald"]
[Date "2018.11.10"]
[Round "6.3"]
[White "Brauer, Frank"]
[Black "Hammes, Frank"]
[Result "0-1"]
[WhiteElo "1791"]
[BlackElo "2118"]
[Annotator "br"]
[PlyCount "52"]
[EventDate "2018.11.??"]
[EventType "team-swiss"]
[EventRounds "7"]
[EventCountry "GER"]
[SourceTitle "XVIII. DBMM 2018"]
[Source "FV Schach e.V."]
[SourceDate "2018.11.12"]
[SourceVersion "1"]
[SourceVersionDate "2018.11.12"]
[SourceQuality "1"]
[WhiteTeam "BSG Commerzbank Frankfurt"]
[BlackTeam "EFS Filtertechnik Erkrath"]
[WhiteTeamCountry "GER"]
[BlackTeamCountry "GER"]

1. e4 c5 2. c3 g6 3. d4 cxd4 4. cxd4 Bg7 5. Nf3 d6 6. Nc3 Nc6 7. Be2 Nf6 8. O-O
O-O 9. h3 d5 10. e5 Ne4 11. Bd3 Bf5 12. Re1 Nxc3 13. bxc3 Bxd3 14. Qxd3 Rc8 15.
Rb1 b6 16. Ba3 Na5 17. Nd2 Qd7 18. Qb5 Rfd8 19. Qxd7 Rxd7 20. e6 fxe6 21. Rxe6
Rxc3 22. Rxe7 Rxe7 23. Bxe7 Rc2 24. Nf3 Rxa2 25. Bh4 Nc4 26. Rb5 Ra5 0-1

[Event "XVIII. DBMM Schach"]
[Site "Altenberg OT Zinnwald"]
[Date "2018.11.10"]
[Round "6.4"]
[White "Hartig, Uwe"]
[Black "Huebner, Detlef"]
[Result "1-0"]
[WhiteElo "1989"]
[BlackElo "1513"]
[Annotator "br"]
[PlyCount "49"]
[EventDate "2018.11.??"]
[EventType "team-swiss"]
[EventRounds "7"]
[EventCountry "GER"]
[SourceTitle "XVIII. DBMM 2018"]
[Source "FV Schach e.V."]
[SourceDate "2018.11.12"]
[SourceVersion "1"]
[SourceVersionDate "2018.11.12"]
[SourceQuality "1"]
[WhiteTeam "EFS Filtertechnik Erkrath"]
[BlackTeam "BSG Commerzbank Frankfurt"]
[WhiteTeamCountry "GER"]
[BlackTeamCountry "GER"]

1. e4 c6 2. d4 d5 3. Nc3 dxe4 4. Nxe4 Nd7 5. Nf3 Ngf6 6. Bd3 Nxe4 7. Bxe4 Nf6
8. Bd3 Bg4 9. c3 e6 10. h3 Bxf3 11. Qxf3 Qd5 12. Qxd5 cxd5 13. O-O Bd6 14. Bg5
Nd7 15. Rae1 f6 16. Bd2 Kf7 17. f4 f5 18. g4 g6 19. c4 b6 20. cxd5 exd5 21.
gxf5 Nf6 22. Rf3 Ne4 23. fxg6+ hxg6 24. Bxe4 dxe4 25. Rxe4 1-0

[Event "XVIII. DBMM Schach"]
[Site "Altenberg OT Zinnwald"]
[Date "2018.11.10"]
[Round "6.1"]
[White "Schulz, Michael"]
[Black "Guder, Sibylle"]
[Result "1-0"]
[WhiteElo "2247"]
[BlackElo "1780"]
[Annotator "ms"]
[PlyCount "117"]
[EventDate "2018.11.??"]
[EventType "team-swiss"]
[EventRounds "7"]
[EventCountry "GER"]
[WhiteTeam "SV Osram Berlin"]
[BlackTeam "BA Tempelhof Berlin"]
[WhiteTeamCountry "GER"]
[BlackTeamCountry "GER"]

1. d4 d5 2. Bf4 e6 3. e3 Nf6 4. Nd2 c5 5. c3 Nc6 6. Ngf3 cxd4 7. exd4 Nh5 8.
Be3 Bd6 9. Ne5 g6 10. Bb5 Bd7 11. Nxd7 Qxd7 12. Qf3 Qe7 13. g4 Ng7 14. Bh6 f6
15. O-O-O a6 16. Ba4 O-O 17. Rde1 Qf7 18. a3 b5 19. Bb3 a5 20. Rxe6 Nxe6 21.
Bxf8 Ncxd4 22. cxd4 Rc8+ 23. Kb1 Kxf8 24. Qxd5 Bf4 25. Ne4 Ng5 26. Qxf7+ Nxf7
27. Nxf6 h6 28. Nd5 Bg5 29. f4 Bd8 30. Rc1 Rxc1+ 31. Kxc1 Nd6 32. Bc2 Kf7 33.
Bd3 Bh4 34. Kd2 Bf2 35. Ne3 Bg1 36. h3 Bh2 37. Nd5 Bg1 38. Kc3 Bf2 39. b4 Be1+
40. Kb3 axb4 41. Nxb4 Bd2 42. Nd5 Bc1 43. f5 gxf5 44. gxf5 Bd2 45. Nc3 Be3 46.
Nxb5 Nxb5 47. Bxb5 Bxd4 48. Bd3 Ke7 49. Kc4 Be3 50. Kd5 Bd2 51. Kc6 Bc3 52. a4
Kd8 53. Kd6 Ke8 54. Ke6 Kf8 55. f6 h5 56. f7 h4 57. Bc4 Bb4 58. Kd7 Bc3 59. Kc6
1-0

[Event "XVIII. DBMM Schach"]
[Site "Altenberg OT Zinnwald"]
[Date "2018.11.10"]
[Round "6.2"]
[White "Kettenburg, Stefan"]
[Black "Gebert Vangeel, Ralf"]
[Result "1/2-1/2"]
[WhiteElo "2075"]
[BlackElo "1995"]
[Annotator "rgv"]
[PlyCount "29"]
[EventDate "2018.11.??"]
[EventType "team-swiss"]
[EventRounds "7"]
[EventCountry "GER"]
[SourceTitle "XVIII. DBMM 2018"]
[Source "FV Schach e.V."]
[SourceDate "2018.11.12"]
[SourceVersion "1"]
[SourceVersionDate "2018.11.12"]
[SourceQuality "1"]
[WhiteTeam "BA Tempelhof Berlin"]
[BlackTeam "SV Osram Berlin"]
[WhiteTeamCountry "GER"]
[BlackTeamCountry "GER"]

1. d4 d5 2. Nf3 Nf6 3. c4 c6 4. Nc3 e6 5. cxd5 exd5 6. Bg5 Be7 7. Qc2 O-O 8. e3
Ne4 9. Bxe7 Qxe7 10. Bd3 f5 11. O-O Nd7 12. Rab1 Ndf6 13. Ne5 Nd7 14. Nf3 Ndf6
15. Ne5 1/2-1/2

[Event "XVIII. DBMM Schach"]
[Site "Altenberg OT Zinnwald"]
[Date "2018.11.10"]
[Round "6.3"]
[White "Jaehnisch, Frank"]
[Black "Baranowsky, Peter"]
[Result "1-0"]
[WhiteElo "2244"]
[BlackElo "1867"]
[Annotator "br"]
[PlyCount "43"]
[EventDate "2018.11.??"]
[EventType "team-swiss"]
[EventRounds "7"]
[EventCountry "GER"]
[SourceTitle "XVIII. DBMM 2018"]
[Source "FV Schach e.V."]
[SourceDate "2018.11.12"]
[SourceVersion "1"]
[SourceVersionDate "2018.11.12"]
[SourceQuality "1"]
[WhiteTeam "SV Osram Berlin"]
[BlackTeam "BA Tempelhof Berlin"]
[WhiteTeamCountry "GER"]
[BlackTeamCountry "GER"]

1. Nf3 g6 2. c4 Bg7 3. g3 Nf6 4. Bg2 O-O 5. O-O d6 6. Nc3 c6 7. d4 Nbd7 8. b3
Rb8 9. Bb2 Qc7 10. Qc2 b5 11. cxb5 cxb5 12. Rac1 Re8 13. Qd2 Qb6 14. d5 Bb7 15.
Nd4 a6 16. h3 Rbc8 17. Rfd1 e5 18. dxe6 fxe6 19. Bxb7 Qxb7 20. Nf3 Ne4 21. Nxe4
Bxb2 22. Rxc8 1-0

[Event "XVIII. DBMM Schach"]
[Site "Altenberg OT Zinnwald"]
[Date "2018.11.10"]
[Round "6.4"]
[White "Schmidt, Joerg"]
[Black "Eisermann, Daniel"]
[Result "1/2-1/2"]
[WhiteElo "1819"]
[BlackElo "2003"]
[Annotator "de"]
[PlyCount "53"]
[EventDate "2018.11.??"]
[EventType "team-swiss"]
[EventRounds "7"]
[EventCountry "GER"]
[SourceTitle "XVIII. DBMM 2018"]
[Source "FV Schach e.V."]
[SourceDate "2018.11.12"]
[SourceVersion "1"]
[SourceVersionDate "2018.11.12"]
[SourceQuality "1"]
[WhiteTeam "BA Tempelhof Berlin"]
[BlackTeam "SV Osram Berlin"]
[WhiteTeamCountry "GER"]
[BlackTeamCountry "GER"]

1. e4 e5 2. Nf3 Nc6 3. Bb5 a6 4. Ba4 d6 5. O-O Bd7 6. d4 b5 7. Bb3 Nxd4 8. Nxd4
exd4 9. c3 dxc3 10. Nxc3 Nf6 11. Re1 Be7 12. Nd5 Nxd5 13. exd5 O-O 14. Bd2 Bf6
15. Qc2 Qc8 16. Rac1 Bf5 17. Qxc7 Bxb2 18. Qxc8 Raxc8 19. Rc6 Ba3 20. Rxa6 Bc5
21. Rc6 Rfe8 22. Rxc8 Rxc8 23. h3 Kf8 24. g4 Bd7 25. Kg2 Re8 26. Rxe8+ Kxe8 27.
f4 1/2-1/2

[Event "XVIII. DBMM Schach"]
[Site "Altenberg OT Zinnwald"]
[Date "2018.11.10"]
[Round "6.1"]
[White "Hohlfeld, Wolfgang"]
[Black "Bumes, Konrad"]
[Result "1-0"]
[WhiteElo "2056"]
[BlackElo "1949"]
[Annotator "br"]
[PlyCount "61"]
[EventDate "2018.11.??"]
[EventType "team-swiss"]
[EventRounds "7"]
[EventCountry "GER"]
[SourceTitle "XVIII. DBMM 2018"]
[Source "FV Schach e.V."]
[SourceDate "2018.11.12"]
[SourceVersion "1"]
[SourceVersionDate "2018.11.12"]
[SourceQuality "1"]
[WhiteTeam "Baubehoerde Hamburg"]
[BlackTeam "Europaeisches Patentamt Muenchen II"]
[WhiteTeamCountry "GER"]
[BlackTeamCountry "GER"]

1. e4 c6 2. d4 d5 3. exd5 cxd5 4. c4 Nf6 5. Nc3 e6 6. Nf3 Nc6 7. c5 Be7 8. Bb5
Bd7 9. O-O O-O 10. Re1 a6 11. Bd3 b6 12. cxb6 Qxb6 13. a3 Ne8 14. Bc2 Bf6 15.
Na4 Qc7 16. Be3 Na5 17. Nc5 Nc4 18. Bc1 g6 19. b3 Nb6 20. Bh6 Ng7 21. Rc1 Bc8
22. Qd2 Re8 23. Bf4 Qe7 24. Be5 Nd7 25. Nxd7 Bxd7 26. Bxf6 Qxf6 27. Ne5 Qe7 28.
Qa5 Nf5 29. Bxf5 gxf5 30. Rc7 Red8 31. Nc6 1-0

[Event "XVIII. DBMM Schach"]
[Site "Altenberg OT Zinnwald"]
[Date "2018.11.10"]
[Round "6.2"]
[White "Lange, Ronny"]
[Black "Hein, Ralf"]
[Result "0-1"]
[WhiteElo "1800"]
[BlackElo "2053"]
[Annotator "br"]
[PlyCount "48"]
[EventDate "2018.11.??"]
[EventType "team-swiss"]
[EventRounds "7"]
[EventCountry "GER"]
[SourceTitle "XVIII. DBMM 2018"]
[Source "FV Schach e.V."]
[SourceDate "2018.11.12"]
[SourceVersion "1"]
[SourceVersionDate "2018.11.12"]
[SourceQuality "1"]
[WhiteTeam "Europaeisches Patentamt Muenchen II"]
[BlackTeam "Baubehoerde Hamburg"]
[WhiteTeamCountry "GER"]
[BlackTeamCountry "GER"]

1. e4 e5 2. Nf3 Nc6 3. Bc4 Be7 4. d4 d6 5. dxe5 dxe5 6. Qxd8+ Bxd8 7. Nc3 Bg4
8. Ng5 Bh5 9. Bb5 Nge7 10. f3 O-O 11. Be3 a6 12. Bc4 b5 13. Bb3 Nd4 14. Nh3 c5
15. Bxd4 exd4 16. Bd5 dxc3 17. Bxa8 cxb2 18. Rb1 Ba5+ 19. Ke2 Rxa8 20. Rxb2 f5
21. exf5 Nxf5 22. Rd1 Nd4+ 23. Kf2 Bc3 24. Rbb1 Bg6 0-1